<?xml version="1.0" encoding="UTF-8"?>
<collection xmlns="http://www.loc.gov/MARC21/slim">
 <record>
  <leader>03205nab a2200421 i 4500</leader>
  <controlfield tag="001">elibro.ELB12281</controlfield>
  <controlfield tag="003">FINmELB</controlfield>
  <controlfield tag="005">20230622121057.0</controlfield>
  <controlfield tag="006">m     o  u        </controlfield>
  <controlfield tag="007">cr cn|||||||||</controlfield>
  <controlfield tag="008">230524c20019999cl fr p  o    0    0spa d</controlfield>
  <datafield tag="022" ind1=" " ind2=" ">
   <subfield code="a">0718-1795</subfield>
   <subfield code="l">017-3202</subfield>
  </datafield>
  <datafield tag="035" ind1=" " ind2=" ">
   <subfield code="a">(OCoLC)1385418457</subfield>
  </datafield>
  <datafield tag="040" ind1=" " ind2=" ">
   <subfield code="a">FINmELB</subfield>
   <subfield code="b">spa</subfield>
   <subfield code="e">rda</subfield>
   <subfield code="c">FINmELB</subfield>
  </datafield>
  <datafield tag="050" ind1=" " ind2="4">
   <subfield code="a">H61</subfield>
   <subfield code="b">.V374 2001</subfield>
  </datafield>
  <datafield tag="080" ind1=" " ind2=" ">
   <subfield code="a">3(045)</subfield>
  </datafield>
  <datafield tag="082" ind1="0" ind2="4">
   <subfield code="a">300</subfield>
   <subfield code="2">23</subfield>
  </datafield>
  <datafield tag="100" ind1="1" ind2=" ">
   <subfield code="a">Varela A., Carmen,</subfield>
   <subfield code="e">autor.</subfield>
  </datafield>
  <datafield tag="245" ind1="1" ind2="3">
   <subfield code="a">La interacción entre ciudades y el ordenamiento territorial. Estudio de caso :</subfield>
   <subfield code="b">Temuco (IX región de la Araucanía) y Valdivia (X región de los lagos), Chile /</subfield>
   <subfield code="c">Carmen Varela A.</subfield>
  </datafield>
  <datafield tag="264" ind1=" " ind2="1">
   <subfield code="a">Valdivia, Chile :</subfield>
   <subfield code="b">Universidad Austral de Chile,</subfield>
   <subfield code="c">2001.</subfield>
  </datafield>
  <datafield tag="310" ind1=" " ind2=" ">
   <subfield code="a">Semestral</subfield>
  </datafield>
  <datafield tag="336" ind1=" " ind2=" ">
   <subfield code="a">texto</subfield>
   <subfield code="b">txt</subfield>
   <subfield code="2">rdacontent/spa</subfield>
  </datafield>
  <datafield tag="337" ind1=" " ind2=" ">
   <subfield code="a">computadora</subfield>
   <subfield code="b">c</subfield>
   <subfield code="2">rdamedia/spa</subfield>
  </datafield>
  <datafield tag="338" ind1=" " ind2=" ">
   <subfield code="a">recurso en línea</subfield>
   <subfield code="b">cr</subfield>
   <subfield code="2">rdacarrier/spa</subfield>
  </datafield>
  <datafield tag="520" ind1=" " ind2=" ">
   <subfield code="a">Los procesos de interacción entre ciudades en el contexto espacial nacional y regional en nuestro mundo contemporáneo, manifiestan un lugar de importancia en los estudios de planeamiento de los sistemas de ciudades en una política integral de ordenamiento del territorio. Elementos espaciales como son: las distancias geográficas y la accesibilidad hacia Ias localizaciones de los asentamientos se han minimizado con la disponibilidad y variedad tecnológica de los medios de comunicación y de transportes. Este comportamiento espacial ha permitido que las formas cualitativas y cuantitativas de las relaciones de interacción entre los centros poblados, alcance una dinámica transformadora creciente que reestructura en gran medida y en forma espontánea la conducta de las redes y sistemas urbanos existentes. Esta comunicación tiene por objetivo presentar el caso de interacción entre dos centros urbanos localizados en el centro sur chileno, como lo son las ciudades de Temuco (ciudad primada del sistema urbano de la IX Región chilena) y Valdivia (una de Ia tres ciudades primadas del sistema de X Región del país). Mediante la aplicación de diversos procedimientos metodológicos vinculados al análisis de flujos se ha establecido una fuga de flujos vinculada a ciertos bienes y servicios que demanda la población de la ciudad de Valdivia en el centro urbano dela región administrativa vecina, Temuco.</subfield>
  </datafield>
  <datafield tag="588" ind1=" " ind2=" ">
   <subfield code="a">Descripción basada en metadatos suministrados por el editor y otras fuentes.</subfield>
  </datafield>
  <datafield tag="588" ind1=" " ind2=" ">
   <subfield code="a">Descripción basada en Revista austral de ciencias sociales, n. 5 (enero 2001), P. 61-71.</subfield>
  </datafield>
  <datafield tag="590" ind1=" " ind2=" ">
   <subfield code="a">Recurso electrónico. Santa Fe, Arg.: elibro, 2023. Disponible vía World Wide Web. El acceso puede estar limitado para las bibliotecas afiliadas a elibro.</subfield>
  </datafield>
  <datafield tag="650" ind1=" " ind2="4">
   <subfield code="a">Desarrollo urbano.</subfield>
  </datafield>
  <datafield tag="650" ind1=" " ind2="4">
   <subfield code="a">Ordenamiento territorial.</subfield>
  </datafield>
  <datafield tag="650" ind1=" " ind2="4">
   <subfield code="a">Planeación.</subfield>
  </datafield>
  <datafield tag="650" ind1=" " ind2="4">
   <subfield code="a">Sociología.</subfield>
  </datafield>
  <datafield tag="651" ind1=" " ind2="4">
   <subfield code="a">Temuco.</subfield>
  </datafield>
  <datafield tag="651" ind1=" " ind2="4">
   <subfield code="a">Valdivia.</subfield>
  </datafield>
  <datafield tag="655" ind1=" " ind2="4">
   <subfield code="a">Libros electrónicos.</subfield>
  </datafield>
  <datafield tag="773" ind1="0" ind2=" ">
   <subfield code="t">Revista austral de ciencias sociales.</subfield>
   <subfield code="x">ISSN017-3202 (Versión impresa), 0718-1795 (Versión en línea)</subfield>
   <subfield code="d">Valdivia, Chile : Universidad Austral de Chile</subfield>
   <subfield code="g">n. 5 (enero 2001), p. 61-71</subfield>
  </datafield>
  <datafield tag="797" ind1="2" ind2=" ">
   <subfield code="a">elibro, Corp.</subfield>
  </datafield>
  <datafield tag="856" ind1="4" ind2="0">
   <subfield code="u">https://elibro.net/ereader/unsbiblio/12281</subfield>
  </datafield>
 </record>
</collection>
